00483nam a2200193Ia 4500003000400000005001700004008004100021020001800062040000700080041000800087082002200095100004100117245004500158260002900203300001200232365001300244650001400257650001800271OSt20230427125040.0210423s2011 xx 000 0 und d a9788131604410 cAL aeng a305.42 223bGENS aGENZ (Stephanie);BRABON (Benjamin A) aPostfeminism:cultural texts and theories bRawat Publicationsc2011 a199bPB b625cINR aSociology aWomen Studies